• 首页
  • 本馆介绍
  • 公告通知
  • 最新文献
  • 馆藏检索
  • 电子资源
  • 读者导购
  • 参考咨询
  • 我的图书馆
  • 登录
  • 详细信息显示
  • 放入我的书架
  • 预约/预借图书
  • 作者相关作品
  • 分类相关作品
  • 丛书相关作品
  • 出版社相关作品

书目信息

  • 表格格式
  • 工作单格式
  • 卡片格式
题名:
一带一路
    
 
作者: 肜新春 著
分册:  
出版信息: 北京   中国社会科学出版社  2015
页数: 257页
开本: 24cm
丛书名: 智库丛书
单 册:
中图分类: F125.5
科图分类:
主题词: 区域经济合作--qu yu jing ji he zuo--国际合作--研究--中国
电子资源:
ISBN: 978-7-5161-7367-1
000 01096nam0 22002771 450
001 1755167629
005 20170602161339.0
010    @a978-7-5161-7367-1@dCNY59.00
100    @a20160824d2015 em y0chiy50 ea
101 0  @achi
102    @aCN@b110000
105    @aa z 000yy
106    @ar
200 1  @a一带一路@Ayi dai yi lu@e包容、开放的亚欧命运共同体@f肜新春著
210    @a北京@c中国社会科学出版社@d2015
215    @a257页@c图@d24cm
225 2  @a智库丛书@Azhi ku cong shu
300    @a中国社会科学院创新工程学术出版资助项目
330    @a本书以改革开放战略、梯度区域发展战略、共同富裕战略为重要特征的中国经验显然具有可复制性、可推广性,致力于全球繁荣、和平共处、不以意识形态划分阵营的发展观,追求绿色、低碳、环保的增长观高度契合时代潮流。
461  0 @12001 @a智库丛书
517 1  @a包容、开放的亚欧命运共同体@Abao rong kai fang de ya ou ming yun gong tong ti
606 0  @a区域经济合作@Aqu yu jing ji he zuo@x国际合作@x研究@y中国
690    @aF125.5@v5
701  0 @a肜新春@Arong xin chun@f(1970~)@4著
801  0 @aCN@bTANGWEI@c20170602
905    @b0972603-7@dF125.5@e304@f5
    
    一带一路:包容、开放的亚欧命运共同体/肜新春著 .-北京:中国社会科学出版社,2015
    257页:图;24cm.-(智库丛书)
    中国社会科学院创新工程学术出版资助项目
    
    ISBN 978-7-5161-7367-1:CNY59.00
    本书以改革开放战略、梯度区域发展战略、共同富裕战略为重要特征的中国经验显然具有可复制性、可推广性,致力于全球繁荣、和平共处、不以意识形态划分阵营的发展观,追求绿色、低碳、环保的增长观高度契合时代潮流。
●
相关链接 在E读中查询图书 在五车中查询图书 在当当中查询图书 在豆瓣中查询图书


正题名:一带一路     索取号:F125.5/304         预约/预借

序号 登录号 条形码 馆藏地/架位号 状态 备注
1 0972603   209726037   第一样本阅览室/ [索取号:F125.5/304] 在馆    
2 0972604   209726046   第一借阅区/ [索取号:F125.5/304] 在馆    
3 0972605   209726055   第一借阅区/ [索取号:F125.5/304] 在馆    
4 0972606   209726064   第一借阅区/ [索取号:F125.5/304] 在馆    
5 0972607   209726073   经管系资料室/ [索取号:F125.5/304] 在馆    
唐山师范学院图书馆 欢迎您!
大连网信软件有限公司© 版权所有